000 00255nam a2200097Ia 4500
001 986282
005 20250826221058.0
008 250824s9999 xx 000 0 und d
245 0 _aBEŞ PORTAKAL ÇEKİRDEĞİ
_cARTHUR CONAN DOYLE
260 _bDOKUZ YAYINCILIK
999 _c986282
_d986282